| 000 | 003480000a22001330004500 | ||
|---|---|---|---|
| 003 | MACL | ||
| 040 | _aMACL | ||
| 090 |
_c32648 _d32646 |
||
| 100 | _aGoliszek, Dr Andrew | ||
| 245 | _a60 Second Stess Management the Quimkest Way to Relax And Ease Anxiety | ||
| 260 |
_bMagna Publishing _c1992 |
||
| 650 | _aGeneral management | ||
| 942 |
_cBOOK _k658/Gol |
||
| 999 |
_c32314 _d32314 |
||